Statistics for Countries that Don't Border #1

Click here to take the quiz!

General Stats

  • This quiz has been taken 28 times
    (10 since last reset)
  • The average score is 8 of 10

Answer Stats

QuestionAnswer% Correct
HondurasBelize
100%
BotswanaEswatini
100%
IndonesiaBrunei
88%
Saudi ArabiaIsrael
88%
AfghanistanKyrgyzstan
88%
SwitzerlandLuxembourg
88%
Burkina FasoNigeria
88%
ChinaSouth Korea
75%
RomaniaSlovakia
63%
AngolaBotswana
38%

Score Distribution

Percentile by Number Answered

Percent of People with Each Score

Your Score History

You have not taken this quiz since the last reset